Central Library OPAC University of Rajshahi

A measure of inflation in Pakistan, 1951-60 / (Record no. 43672)

MARC details
000 -LEADER
fixed length control field 00972nam a2200277 a 4500
001 - CONTROL NUMBER
control field 43672
003 - CONTROL NUMBER IDENTIFIER
rucl marc code MCM
005 - DATE AND TIME OF LATEST TRANSACTION
control field 20211209053731.0
008 - FIXED-LENGTH DATA ELEMENTS--GENERAL INFORMATION
fixed length control field 160626s1961 pk a 000 0 engm
035 ## - SYSTEM CONTROL NUMBER
System control number (BD-RjUL) 43790
System control number (OCoLC)03308811
System control number GLIS00422708
040 ## - CATALOGING SOURCE
Original cataloging agency DLC
Transcribing agency DLC
Modifying agency m.c.
-- OCL
-- BD-RjUL
Language of cataloging eng
041 ## - LANGUAGE CODE
Language code of text/sound track or separate title eng
082 ## - DEWEY DECIMAL CLASSIFICATION NUMBER
Edition number 23
Classification number 330.9549
Author mark and year INM 1961
090 ## - LOCALLY ASSIGNED LC-TYPE CALL NUMBER (OCLC); LOCAL CALL NUMBER (OCLC)
Classification number (OCLC) (R) ; Classification number, CALL (RLIN) (NR) HC440.5
Local cutter number (OCLC) ; Book number/undivided call number, CALL (RLIN) .P1525 no.4
099 ## - LOCAL FREE-TEXT CALL NUMBER (OCLC)
Bangla Class number HC440.5.P1525 no.4
110 2# - MAIN ENTRY--CORPORATE NAME
Corporate name or jurisdiction name as entry element Institute of Development Economics (Pakistan)
9 (RLIN) 134195
245 12 - TITLE STATEMENT
Title A measure of inflation in Pakistan, 1951-60 /
Statement of responsibility, etc. Institute of Development Economics (Pakistan)
260 ## - PUBLICATION, DISTRIBUTION, ETC. (IMPRINT)
Place of publication, distribution, etc. Karachi,
Date of publication, distribution, etc. 1961.
300 ## - PHYSICAL DESCRIPTION
Pagination 113 p. :
Illustrations ill. ;
Size 23 cm.
490 1# - SERIES STATEMENT
Series statement Its Monographs in the economics of development,
Volume/sequential designation no. 4
650 #0 - SUBJECT ADDED ENTRY--TOPICAL TERM
Topical term or geographic name as entry element Inflation (Finance)
Geographic subdivision Pakistan.
9 (RLIN) 133489
830 #0 - SERIES ADDED ENTRY--UNIFORM TITLE
Uniform title Monographs in the economics of development (Institute of Development Economics (Pakistan)) ;
Volume number/sequential designation no. 4.
942 ## - ADDED ENTRY ELEMENTS (KOHA)
Source of classification or shelving scheme Dewey Decimal Classification
Koha item type Books
Holdings
Lost status Source of classification or shelving scheme Damaged status Not for loan Collection code Permanent Location Current Location Shelving location Date acquired Source of acquisition Total Checkouts Full call number Date last seen Copy number Koha item type
  Dewey Decimal Classification     Non-fiction Central Library, University of Rajshahi Central Library, University of Rajshahi   05/03/1968 Dev. Econ.   330.9549 INM 1961 26/06/2016 C-2 Books
  Dewey Decimal Classification     Non-fiction Central Library, University of Rajshahi Central Library, University of Rajshahi   05/03/1968 Dev. Econ. KORACHI.   330.9549 INM 1961 26/06/2016 C-3 Books
  Dewey Decimal Classification     Non-fiction Central Library, University of Rajshahi Central Library, University of Rajshahi   05/03/1968 Dev. Econ. KORACHI.   330.9549 INM 1961 26/06/2016 C-4 Books